[Event "Junior-SM"]
[Site "Örebro"]
[Date "2013.07.10"]
[Round "5"]
[White "Olofsson-Dolk, Mattis"]
[Black "Ollén, Martin"]
[Result "1-0"]
[BlackElo "1883"]
[WhiteElo "2113"]

1. e4 {[%clk 1:30:57]} c5 {[%clk 1:30:24]} 2. Nf3 {[%clk 1:31:19]} Nc6
{[%clk 1:30:41]} 3. d4 {[%clk 1:31:41]} cxd4 {[%clk 1:31:02]} 4. Nxd4
{[%clk 1:32:03]} Nf6 {[%clk 1:31:26]} 5. Nc3 {[%clk 1:32:25]} e5 {[%clk 1:31:09]}
6. Ndb5 {[%clk 1:32:40]} d6 {[%clk 1:31:29]} 7. Bg5 {[%clk 1:32:57]} a6
{[%clk 1:31:41]} 8. Na3 {[%clk 1:33:20]} Be6 {[%clk 1:31:18]} 9. Nc4
{[%clk 1:30:48]} Rc8 {[%clk 1:31:07]} 10. Bxf6 {[%clk 1:27:53]} Qxf6
{[%clk 1:20:17]} 11. Nb6 {[%clk 1:25:25]} Rd8 {[%clk 1:15:17]} 12. Nbd5
{[%clk 1:24:49]} Bxd5 {[%clk 1:15:34]} 13. Nxd5 {[%clk 1:17:02]} Qg6
{[%clk 1:15:43]} 14. Qd3 {[%clk 1:14:53]} Rc8 {[%clk 1:11:11]} 15. g3
{[%clk 1:09:54]} Ne7 {[%clk 0:56:25]} 16. Ne3 {[%clk 1:02:03]} Qe6
{[%clk 0:45:35]} 17. h4 {[%clk 0:57:41]} Rc6 {[%clk 0:44:27]} 18. Bh3
{[%clk 0:56:37]} Qg6 {[%clk 0:43:54]} 19. O-O {[%clk 0:54:30]} d5
{[%clk 0:41:20]} 20. Rad1 {[%clk 0:42:10]} Qd6 {[%clk 0:31:32]} 21. exd5
{[%clk 0:40:47]} Rc5 {[%clk 0:31:15]} 22. b4 {[%clk 0:39:31]} Rb5
{[%clk 0:30:55]} 23. a3 {[%clk 0:38:57]} Qg6 {[%clk 0:28:41]} 24. Qb3
{[%clk 0:33:24]} 1-0

[Event "Junior-SM"]
[Site "Örebro"]
[Date "2013.07.11"]
[Round "6"]
[White "Berggren Torell, Harald"]
[Black "Lokander, Martin"]
[Result "0-1"]
[BlackElo "2238"]
[WhiteElo "2100"]

1. e4 {[%clk 1:30:58]} e5 {[%clk 1:30:55]} 2. Nf3 {[%clk 1:31:19]} Nc6
{[%clk 1:31:15]} 3. Nc3 {[%clk 1:31:40]} Nf6 {[%clk 1:31:32]} 4. Bb5
{[%clk 1:32:01]} Bd6 {[%clk 1:30:29]} 5. d3 {[%clk 1:32:01]} h6 {[%clk 1:30:34]}
6. O-O {[%clk 1:31:15]} O-O {[%clk 1:27:44]} 7. a3 {[%clk 1:26:25]} Re8
{[%clk 1:27:49]} 8. h3 {[%clk 1:17:24]} Bf8 {[%clk 1:25:17]} 9. Bc4
{[%clk 1:15:06]} d6 {[%clk 1:25:25]} 10. Be3 {[%clk 1:08:08]} Be6
{[%clk 1:22:59]} 11. b4 {[%clk 1:06:49]} a6 {[%clk 1:14:33]} 12. Qd2
{[%clk 0:52:18]} Nxe4 {[%clk 0:54:25]} 13. Nxe4 {[%clk 0:52:14]} d5
{[%clk 0:54:29]} 14. Bb3 {[%clk 0:46:03]} d4 {[%clk 0:51:49]} 15. Bxe6
{[%clk 0:43:53]} Rxe6 {[%clk 0:51:50]} 16. Nc5 {[%clk 0:30:46]} Bxc5
{[%clk 0:43:16]} 17. bxc5 {[%clk 0:30:59]} Qd5 {[%clk 0:36:04]} 18. Rab1
{[%clk 0:19:46]} Nd8 {[%clk 0:26:02]} 19. Qa5 {[%clk 0:16:59]} dxe3
{[%clk 0:25:42]} 20. Qxc7 {[%clk 0:14:30]} e2 {[%clk 0:22:11]} 21. Rfe1
{[%clk 0:14:55]} e4 {[%clk 0:22:03]} 22. dxe4 {[%clk 0:13:46]} Qxe4
{[%clk 0:21:35]} 23. Rb6 {[%clk 0:12:53]} Re7 {[%clk 0:20:29]} 24. Qg3
{[%clk 0:07:47]} Nc6 {[%clk 0:20:29]} 25. Qh4 {[%clk 0:06:33]} Rd8
{[%clk 0:19:39]} 26. Qxe4 {[%clk 0:06:29]} Rxe4 {[%clk 0:20:05]} 27. c3
{[%clk 0:06:54]} Rd5 {[%clk 0:10:23]} 28. Rxb7 {[%clk 0:05:14]} Rxc5
{[%clk 0:10:32]} 29. c4 {[%clk 0:04:25]} Na5 {[%clk 0:09:14]} 30. Rb6
{[%clk 0:03:49]} Nxc4 {[%clk 0:08:08]} 31. Rxa6 {[%clk 0:03:54]} Rd5
{[%clk 0:03:45]} 32. Ra8+ {[%clk 0:02:39]} Kh7 {[%clk 0:04:12]} 33. Rb8
{[%clk 0:03:06]} Rd1 {[%clk 0:01:39]} 34. Rb1 {[%clk 0:02:00]} Rxb1
{[%clk 0:00:57]} 35. Rxb1 {[%clk 0:02:23]} Nxa3 {[%clk 0:01:14]} 36. Rc1
{[%clk 0:02:27]} g5 {[%clk 0:00:55]} 37. Ne1 {[%clk 0:02:49]} Rd4
{[%clk 0:01:08]} 38. f3 {[%clk 0:00:49]} Rd1 {[%clk 0:01:31]} 0-1

[Event "Junior-SM"]
[Site "Örebro"]
[Date "2013.07.11"]
[Round "6"]
[White "Cederstam Barsk, Carl"]
[Black "Ollén, Martin"]
[Result "1-0"]
[BlackElo "1883"]
[WhiteElo "2232"]

1. Nf3 {[%clk 1:30:50]} Nf6 {[%clk 1:30:44]} 2. c4 {[%clk 1:31:11]} g6
{[%clk 1:30:59]} 3. Nc3 {[%clk 1:31:34]} Bg7 {[%clk 1:26:26]} 4. e4
{[%clk 1:26:58]} d6 {[%clk 1:24:38]} 5. d4 {[%clk 1:27:20]} O-O {[%clk 1:24:17]}
6. h3 {[%clk 1:27:19]} e5 {[%clk 1:21:02]} 7. d5 {[%clk 1:27:39]} Nbd7
{[%clk 1:18:29]} 8. Bg5 {[%clk 1:27:39]} a6 {[%clk 1:16:45]} 9. g4
{[%clk 1:23:36]} Qe8 {[%clk 1:14:28]} 10. Nd2 {[%clk 1:14:30]} h6
{[%clk 0:56:01]} 11. Be3 {[%clk 1:11:53]} Nc5 {[%clk 0:46:20]} 12. f3
{[%clk 1:05:53]} Bd7 {[%clk 0:44:43]} 13. Qc2 {[%clk 0:51:29]} c6
{[%clk 0:37:53]} 14. b4 {[%clk 0:43:37]} cxd5 {[%clk 0:36:31]} 15. cxd5
{[%clk 0:43:37]} Na4 {[%clk 0:34:07]} 16. Nxa4 {[%clk 0:40:45]} Bxa4
{[%clk 0:33:09]} 17. Qc7 {[%clk 0:41:13]} Qb8 {[%clk 0:21:47]} 18. Qxb8
{[%clk 0:39:21]} Raxb8 {[%clk 0:22:15]} 19. Nc4 {[%clk 0:39:36]} Rbd8
{[%clk 0:20:25]} 20. Nb6 {[%clk 0:37:21]} Be8 {[%clk 0:20:16]} 21. Rc1
{[%clk 0:35:51]} Nd7 {[%clk 0:18:19]} 22. Nc4 {[%clk 0:36:20]} Nf6
{[%clk 0:16:59]} 23. Bb6 {[%clk 0:32:35]} Rc8 {[%clk 0:16:22]} 24. Be3
{[%clk 0:29:15]} Rd8 {[%clk 0:15:35]} 25. Na5 {[%clk 0:28:35]} Rd7
{[%clk 0:15:15]} 26. Bb6 {[%clk 0:27:06]} Re7 {[%clk 0:13:39]} 27. Bc7
{[%clk 0:26:58]} Rxc7 {[%clk 0:11:20]} 28. Rxc7 {[%clk 0:27:27]} b5
{[%clk 0:11:36]} 29. Nb7 {[%clk 0:27:40]} Nh7 {[%clk 0:11:41]} 30. Nxd6
{[%clk 0:27:48]} Ng5 {[%clk 0:11:34]} 31. Be2 {[%clk 0:27:47]} f6
{[%clk 0:10:36]} 32. h4 {[%clk 0:27:09]} Nf7 {[%clk 0:10:33]} 33. Nb7
{[%clk 0:27:33]} 1-0

[Event "Junior-SM"]
[Site "Örebro"]
[Date "2013.07.11"]
[Round "6"]
[White "Ölund, Joar"]
[Black "Olofsson-Dolk, Mattis"]
[Result "1/2-1/2"]
[BlackElo "2113"]
[WhiteElo "2237"]

1. Nf3 {[%clk 1:30:50]} Nf6 {[%clk 1:30:51]} 2. g3 {[%clk 1:31:12]} g6
{[%clk 1:31:09]} 3. Bg2 {[%clk 1:31:36]} Bg7 {[%clk 1:31:30]} 4. O-O
{[%clk 1:32:01]} d5 {[%clk 1:31:44]} 5. d3 {[%clk 1:30:42]} O-O {[%clk 1:30:55]}
6. Nc3 {[%clk 1:26:02]} d4 {[%clk 1:29:22]} 7. Nb5 {[%clk 1:25:47]} c5
{[%clk 1:25:57]} 8. c4 {[%clk 1:25:36]} dxc3 {[%clk 1:23:10]} 9. Nxc3
{[%clk 1:25:59]} Nc6 {[%clk 1:23:13]} 10. Bg5 {[%clk 1:23:50]} Nd5
{[%clk 1:13:55]} 11. Qd2 {[%clk 1:20:13]} Nxc3 {[%clk 1:09:17]} 12. bxc3
{[%clk 1:20:35]} Be6 {[%clk 1:05:00]} 13. Bh6 {[%clk 1:20:28]} Qd7
{[%clk 1:03:27]} 14. Bxg7 {[%clk 1:14:46]} Kxg7 {[%clk 1:03:39]} 15. Ng5
{[%clk 1:15:15]} Bd5 {[%clk 1:02:20]} 16. Ne4 {[%clk 1:00:46]} b6
{[%clk 1:00:47]} 17. c4 {[%clk 0:59:24]} Bxe4 {[%clk 0:57:10]} 18. Bxe4
{[%clk 0:59:52]} Rad8 {[%clk 0:56:26]} 19. Rad1 {[%clk 0:49:29]} f6
{[%clk 0:52:28]} 20. f4 {[%clk 0:42:28]} e5 {[%clk 0:48:24]} 21. f5
{[%clk 0:41:51]} Nd4 {[%clk 0:46:50]} 22. g4 {[%clk 0:40:51]} g5 {[%clk 0:43:40]}
23. h4 {[%clk 0:38:07]} h6 {[%clk 0:44:00]} 24. e3 {[%clk 0:35:03]} Nc6
{[%clk 0:43:11]} 25. Qb2 {[%clk 0:34:00]} Ne7 {[%clk 0:38:52]} 26. Rf3
{[%clk 0:31:50]} Nc8 {[%clk 0:36:42]} 27. Rb1 {[%clk 0:27:21]} Rfe8
{[%clk 0:34:19]} 28. Qh2 {[%clk 0:24:42]} Rh8 {[%clk 0:32:08]} 29. Bd5
{[%clk 0:23:55]} Ne7 {[%clk 0:31:59]} 30. Be4 {[%clk 0:23:45]} Nc8
{[%clk 0:32:13]} 31. Rh3 {[%clk 0:23:26]} Qa4 {[%clk 0:28:56]} 32. Qg2
{[%clk 0:18:33]} Qd7 {[%clk 0:22:42]} 33. Kh2 {[%clk 0:18:08]} Qc7
{[%clk 0:21:34]} 34. Rh1 {[%clk 0:13:43]} Nd6 {[%clk 0:18:57]} 35. hxg5
{[%clk 0:13:47]} hxg5 {[%clk 0:19:02]} 36. Kg1 {[%clk 0:13:46]} Qb8
{[%clk 0:17:49]} 37. Bd5 {[%clk 0:07:54]} Rxh3 {[%clk 0:17:01]} 38. Rxh3
{[%clk 0:08:16]} Rh8 {[%clk 0:17:09]} 39. a4 {[%clk 0:06:28]} Rxh3
{[%clk 0:13:58]} 40. Qxh3 {[%clk 0:36:57]} Qh8 {[%clk 0:44:17]} 41. Qg2
{[%clk 0:37:07]} Qh4 {[%clk 0:43:57]} 42. Kf1 {[%clk 0:37:36]} Qh8
{[%clk 0:30:16]} 43. Ke2 {[%clk 0:35:44]} Qc8 {[%clk 0:26:21]} 44. Bc6
{[%clk 0:33:28]} Qg8 {[%clk 0:25:36]} 45. Qh1 {[%clk 0:29:39]} Qh8
{[%clk 0:23:11]} 46. Qg2 {[%clk 0:29:54]} Qg8 {[%clk 0:23:36]} 47. Kd2
{[%clk 0:27:16]} Qh8 {[%clk 0:21:59]} 48. Qd5 {[%clk 0:25:17]} Qh2+
{[%clk 0:21:31]} 49. Kc3 {[%clk 0:25:37]} Qg1 {[%clk 0:21:34]} 50. Qxd6
{[%clk 0:25:57]} Qc1+ {[%clk 0:21:56]} 51. Kb3 {[%clk 0:26:18]} Qb1+
{[%clk 0:22:20]} 52. Kc3 {[%clk 0:26:39]} 1/2-1/2

[Event "Junior-SM"]
[Site "Örebro"]
[Date "2013.07.11"]
[Round "6"]
[White "Rydström, Tom"]
[Black "Arvidsson, Rasmus"]
[Result "0-1"]
[BlackElo "1870"]
[WhiteElo "2172"]

1. e4 {[%clk 1:30:59]} e5 {[%clk 1:30:31]} 2. Nf3 {[%clk 1:31:10]} Nc6
{[%clk 1:30:29]} 3. Bb5 {[%clk 1:31:33]} Nf6 {[%clk 1:30:50]} 4. Qe2
{[%clk 1:31:48]} a6 {[%clk 1:29:27]} 5. Bxc6 {[%clk 1:31:12]} dxc6
{[%clk 1:29:28]} 6. O-O {[%clk 1:31:18]} Bd6 {[%clk 1:28:50]} 7. d4
{[%clk 1:31:06]} Bg4 {[%clk 1:27:00]} 8. dxe5 {[%clk 1:30:54]} Bxf3
{[%clk 1:26:26]} 9. Qxf3 {[%clk 1:31:21]} Bxe5 {[%clk 1:26:33]} 10. Rd1
{[%clk 1:26:44]} Qe7 {[%clk 1:26:24]} 11. Nc3 {[%clk 1:20:17]} O-O
{[%clk 1:17:35]} 12. Re1 {[%clk 1:17:07]} Rfe8 {[%clk 1:12:53]} 13. Bg5
{[%clk 1:16:54]} Qb4 {[%clk 1:08:06]} 14. Rab1 {[%clk 1:15:40]} b5
{[%clk 0:57:34]} 15. Kh1 {[%clk 1:03:30]} Re6 {[%clk 0:49:17]} 16. Qh3
{[%clk 0:52:13]} Bxc3 {[%clk 0:44:37]} 17. bxc3 {[%clk 0:51:12]} Qc5
{[%clk 0:40:55]} 18. Bxf6 {[%clk 0:35:24]} Rxf6 {[%clk 0:41:03]} 19. e5
{[%clk 0:35:41]} Rxf2 {[%clk 0:39:13]} 20. e6 {[%clk 0:35:38]} fxe6
{[%clk 0:37:04]} 21. Qxe6+ {[%clk 0:35:37]} Kh8 {[%clk 0:36:52]} 22. h3
{[%clk 0:21:02]} Qxc3 {[%clk 0:25:13]} 23. Qd7 {[%clk 0:16:53]} h6
{[%clk 0:21:06]} 24. Re6 {[%clk 0:05:17]} Qxc2 {[%clk 0:19:04]} 25. Rg1
{[%clk 0:04:26]} Qxa2 {[%clk 0:15:14]} 26. Qxc6 {[%clk 0:04:41]} Raf8
{[%clk 0:14:11]} 27. Rxh6+ {[%clk 0:04:46]} Kg8 {[%clk 0:14:09]} 28. Qg6
{[%clk 0:04:04]} Qc2 {[%clk 0:08:31]} 29. Qe6+ {[%clk 0:04:26]} R2f7
{[%clk 0:08:33]} 30. Rh5 {[%clk 0:04:20]} c6 {[%clk 0:08:05]} 31. h4
{[%clk 0:03:33]} c5 {[%clk 0:06:20]} 32. Qxa6 {[%clk 0:03:33]} Qc4
{[%clk 0:06:30]} 33. Qg6 {[%clk 0:03:44]} Rf6 {[%clk 0:06:01]} 34. Qh7+
{[%clk 0:03:46]} Kf7 {[%clk 0:06:26]} 35. Rg5 {[%clk 0:04:07]} Rg8
{[%clk 0:06:21]} 36. g3 {[%clk 0:02:54]} b4 {[%clk 0:05:36]} 37. h5
{[%clk 0:03:20]} Qe6 {[%clk 0:05:25]} 38. g4 {[%clk 0:02:40]} Qe3
{[%clk 0:05:14]} 39. Ra1 {[%clk 0:02:31]} Qf3+ 40. Kg1 Qe3+ {[%clk 0:34:55]} 41.
Kh1 {[%clk 0:33:26]} Qf3+ {[%clk 0:29:24]} 42. Kg1 {[%clk 0:33:37]} Qf2+
{[%clk 0:26:43]} 43. Kh1 {[%clk 0:34:01]} c4 {[%clk 0:25:08]} 44. Rb5
{[%clk 0:32:04]} Qh4+ {[%clk 0:24:44]} 45. Kg1 {[%clk 0:32:11]} Qxg4+
{[%clk 0:24:58]} 46. Kh1 {[%clk 0:32:34]} Qh4+ {[%clk 0:17:27]} 47. Kg1
{[%clk 0:32:39]} Qd4+ 48. Kh2 {[%clk 0:33:02]} Rf2+ {[%clk 0:17:54]} 49. Kh3
{[%clk 0:33:25]} Qe3+ {[%clk 0:17:45]} 50. Kg4 {[%clk 0:33:42]} Qf4+
{[%clk 0:18:02]} 0-1

[Event "Junior-SM"]
[Site "Örebro"]
[Date "2013.07.11"]
[Round "6"]
[White "Bengtsson, Jessica"]
[Black "Kassani, Sam"]
[Result "1/2-1/2"]
[BlackElo "2172"]
[WhiteElo "1917"]

1. e4 {[%clk 1:30:57]} c5 {[%clk 1:29:32]} 2. c3 {[%clk 1:31:16]} g6
{[%clk 1:29:56]} 3. d4 {[%clk 1:31:40]} cxd4 {[%clk 1:30:22]} 4. cxd4
{[%clk 1:32:07]} d5 {[%clk 1:30:46]} 5. e5 {[%clk 1:32:15]} Nc6 {[%clk 1:31:08]}
6. Nc3 {[%clk 1:32:31]} Bg7 {[%clk 1:31:16]} 7. h3 {[%clk 1:31:28]} Nh6
{[%clk 1:30:02]} 8. Nf3 {[%clk 1:31:32]} O-O {[%clk 1:30:11]} 9. Bb5
{[%clk 1:28:07]} Bf5 {[%clk 1:25:03]} 10. O-O {[%clk 1:22:09]} Be4
{[%clk 1:21:27]} 11. Ng5 {[%clk 1:16:14]} Qb6 {[%clk 1:09:00]} 12. Bxc6
{[%clk 0:51:18]} bxc6 {[%clk 1:08:48]} 13. Ngxe4 {[%clk 0:47:22]} dxe4
{[%clk 1:09:06]} 14. g4 {[%clk 0:41:30]} f5 {[%clk 0:57:12]} 15. exf6
{[%clk 0:37:10]} exf6 {[%clk 0:56:08]} 16. Nxe4 {[%clk 0:33:58]} Rad8
{[%clk 0:25:53]} 17. Nc5 {[%clk 0:30:50]} Rfe8 {[%clk 0:23:16]} 18. Re1
{[%clk 0:27:02]} Nf7 {[%clk 0:17:14]} 19. Ne6 {[%clk 0:19:55]} Ne5
{[%clk 0:11:27]} 20. Qe2 {[%clk 0:15:31]} Rxe6 {[%clk 0:10:57]} 21. dxe5
{[%clk 0:15:55]} Rxe5 {[%clk 0:09:16]} 22. Qc4+ {[%clk 0:15:58]} Kh8
{[%clk 0:08:22]} 23. Be3 {[%clk 0:13:45]} Qxb2 {[%clk 0:05:48]} 24. Qxc6
{[%clk 0:13:27]} Rde8 {[%clk 0:05:09]} 25. Red1 {[%clk 0:12:05]} Qa3
{[%clk 0:04:49]} 26. Qc1 {[%clk 0:06:51]} Qe7 {[%clk 0:03:40]} 27. Qd2
{[%clk 0:05:18]} Re4 {[%clk 0:03:11]} 28. Qd6 {[%clk 0:03:49]} Qxd6
{[%clk 0:02:08]} 29. Rxd6 {[%clk 0:04:14]} f5 {[%clk 0:02:12]} 30. Rad1
{[%clk 0:04:11]} fxg4 {[%clk 0:01:50]} 31. Bxa7 {[%clk 0:02:46]} gxh3
{[%clk 0:01:43]} 32. Bd4 {[%clk 0:02:42]} h2+ {[%clk 0:00:51]} 33. Kxh2
{[%clk 0:02:06]} Bxd4 {[%clk 0:01:07]} 34. R1xd4 {[%clk 0:02:26]} Rxd4
{[%clk 0:01:30]} 35. Rxd4 {[%clk 0:02:52]} Re2 {[%clk 0:01:41]} 36. Ra4
{[%clk 0:01:07]} Rxf2+ {[%clk 0:01:59]} 37. Kg3 {[%clk 0:01:34]} Rf1
{[%clk 0:01:08]} 38. Ra7 {[%clk 0:01:50]} Kg8 {[%clk 0:00:39]} 1/2-1/2

[Event "Junior-SM"]
[Site "Örebro"]
[Date "2013.07.12"]
[Round "7"]
[White "Lokander, Martin"]
[Black "Cederstam Barsk, Carl"]
[Result "1/2-1/2"]
[BlackElo "2232"]
[WhiteElo "2238"]

1. e4 {[%clk 1:30:27]} c6 {[%clk 1:30:27]} 2. Nc3 {[%clk 1:30:48]} d5
{[%clk 1:30:47]} 3. Nf3 {[%clk 1:31:14]} Bg4 {[%clk 1:31:02]} 4. h3
{[%clk 1:31:39]} Bxf3 {[%clk 1:31:11]} 5. Qxf3 {[%clk 1:32:03]} e6
{[%clk 1:31:03]} 6. d3 {[%clk 1:32:24]} Nd7 {[%clk 1:31:03]} 7. Bd2
{[%clk 1:32:42]} Bd6 {[%clk 1:30:11]} 8. O-O-O {[%clk 1:32:30]} Qf6
{[%clk 1:26:12]} 9. Qxf6 {[%clk 1:30:51]} Ngxf6 {[%clk 1:16:27]} 10. g3
{[%clk 1:27:14]} Bb4 {[%clk 1:14:25]} 11. Bg2 {[%clk 1:25:43]} O-O-O
{[%clk 0:57:22]} 12. a3 {[%clk 1:18:40]} 1/2-1/2

[Event "Junior-SM"]
[Site "Örebro"]
[Date "2013.07.12"]
[Round "7"]
[White "Kassani, Sam"]
[Black "Berggren Torell, Harald"]
[Result "0-1"]
[BlackElo "2100"]
[WhiteElo "2172"]

1. d4 {[%clk 1:29:45]} d6 {[%clk 1:30:47]} 2. Nf3 {[%clk 1:29:58]} g6
{[%clk 1:31:13]} 3. Bf4 {[%clk 1:30:16]} Bg7 {[%clk 1:31:18]} 4. e3
{[%clk 1:28:59]} Nd7 {[%clk 1:31:41]} 5. Nbd2 {[%clk 1:25:39]} e5
{[%clk 1:31:30]} 6. Bg5 {[%clk 1:22:47]} Ne7 {[%clk 1:28:20]} 7. dxe5
{[%clk 1:00:45]} dxe5 {[%clk 1:27:53]} 8. e4 {[%clk 0:59:37]} Nb6
{[%clk 1:20:55]} 9. Be2 {[%clk 0:56:24]} Be6 {[%clk 1:18:26]} 10. a4
{[%clk 0:54:55]} O-O {[%clk 1:10:34]} 11. Be3 {[%clk 0:49:12]} h6
{[%clk 1:05:43]} 12. a5 {[%clk 0:33:27]} Nd7 {[%clk 1:05:07]} 13. Bc4
{[%clk 0:27:07]} Bxc4 {[%clk 1:04:41]} 14. Nxc4 {[%clk 0:27:31]} Nc6
{[%clk 1:01:37]} 15. c3 {[%clk 0:19:44]} Qe7 {[%clk 1:00:56]} 16. a6
{[%clk 0:19:25]} b6 {[%clk 0:58:58]} 17. Qd5 {[%clk 0:17:51]} Ndb8
{[%clk 0:57:19]} 18. O-O {[%clk 0:16:53]} Rd8 {[%clk 0:57:47]} 19. Qb5
{[%clk 0:17:13]} Qe6 {[%clk 0:51:30]} 20. Rfd1 {[%clk 0:15:11]} Nd7
{[%clk 0:44:50]} 21. Ne1 {[%clk 0:10:02]} f5 {[%clk 0:36:20]} 22. Qd5
{[%clk 0:08:50]} Nf8 {[%clk 0:36:30]} 23. Qxe6+ {[%clk 0:08:01]} Nxe6
{[%clk 0:36:45]} 24. exf5 {[%clk 0:07:55]} gxf5 {[%clk 0:37:11]} 25. f3
{[%clk 0:07:53]} Rxd1 {[%clk 0:26:01]} 26. Rxd1 {[%clk 0:08:19]} Rd8
{[%clk 0:26:23]} 27. Rxd8+ {[%clk 0:08:17]} Nexd8 {[%clk 0:26:47]} 28. Nc2
{[%clk 0:03:28]} Nb8 {[%clk 0:20:25]} 29. Nb4 {[%clk 0:03:23]} Kf7
{[%clk 0:19:15]} 30. Nd5 {[%clk 0:01:18]} Nxa6 {[%clk 0:19:37]} 31. Bf2
{[%clk 0:00:51]} Ke6 {[%clk 0:13:33]} 32. Nde3 {[%clk 0:01:16]} Nc5
{[%clk 0:13:18]} 33. g4 {[%clk 0:01:05]} fxg4 {[%clk 0:13:47]} 34. Nxg4
{[%clk 0:00:54]} h5 {[%clk 0:13:54]} 35. Nge3 {[%clk 0:00:47]} Nf7
{[%clk 0:11:58]} 36. Nd1 {[%clk 0:00:47]} Nb3 {[%clk 0:10:28]} 37. Kf1
{[%clk 0:00:41]} Nd6 {[%clk 0:09:04]} 38. Na3 {[%clk 0:00:58]} Bh6
{[%clk 0:08:56]} 39. Ke2 {[%clk 0:01:01]} Nc1+ {[%clk 0:08:06]} 40. Kf1
{[%clk 0:30:55]} Nd3 {[%clk 0:37:03]} 41. Nc2 {[%clk 0:29:39]} Nc4
{[%clk 0:35:19]} 42. b4 {[%clk 0:29:53]} Nd2+ {[%clk 0:32:31]} 43. Kg2
{[%clk 0:29:35]} Nf4+ {[%clk 0:31:59]} 44. Kg3 {[%clk 0:29:39]} Nf1+
{[%clk 0:32:16]} 0-1

[Event "Junior-SM"]
[Site "Örebro"]
[Date "2013.07.12"]
[Round "7"]
[White "Arvidsson, Rasmus"]
[Black "Bengtsson, Jessica"]
[Result "1/2-1/2"]
[BlackElo "1917"]
[WhiteElo "1870"]

1. e4 {[%clk 1:30:46]} c5 {[%clk 1:30:44]} 2. Nf3 {[%clk 1:30:42]} Nc6
{[%clk 1:31:06]} 3. d4 {[%clk 1:31:04]} cxd4 {[%clk 1:31:31]} 4. Nxd4
{[%clk 1:31:29]} Nf6 {[%clk 1:31:57]} 5. Nc3 {[%clk 1:31:53]} e5 {[%clk 1:32:22]}
6. Ndb5 {[%clk 1:32:12]} d6 {[%clk 1:32:41]} 7. Bg5 {[%clk 1:32:31]} a6
{[%clk 1:32:58]} 8. Na3 {[%clk 1:32:52]} b5 {[%clk 1:33:24]} 9. Nd5
{[%clk 1:32:58]} Be7 {[%clk 1:33:43]} 10. Bxf6 {[%clk 1:32:33]} Bxf6
{[%clk 1:33:58]} 11. c4 {[%clk 1:32:28]} b4 {[%clk 1:34:12]} 12. Nc2
{[%clk 1:32:23]} a5 {[%clk 1:34:24]} 13. g3 {[%clk 1:31:27]} O-O {[%clk 1:34:32]}
14. h4 {[%clk 1:30:13]} Be6 {[%clk 1:28:01]} 15. Nce3 {[%clk 1:26:08]} Nd4
{[%clk 1:25:08]} 16. b3 {[%clk 1:20:25]} g6 {[%clk 1:12:14]} 17. Bg2
{[%clk 1:16:36]} Bg7 {[%clk 1:02:31]} 18. O-O {[%clk 1:12:11]} Rb8
{[%clk 0:59:13]} 19. Kh2 {[%clk 0:57:16]} f5 {[%clk 0:52:59]} 20. exf5
{[%clk 0:51:12]} gxf5 {[%clk 0:51:26]} 21. Nc2 {[%clk 0:49:41]} Nxc2
{[%clk 0:43:38]} 22. Qxc2 {[%clk 0:49:58]} e4 {[%clk 0:41:03]} 23. Rad1
{[%clk 0:49:43]} Be5 {[%clk 0:40:20]} 24. Kg1 {[%clk 0:45:52]} Kh8
{[%clk 0:33:16]} 25. Qe2 {[%clk 0:40:12]} Rg8 {[%clk 0:24:22]} 26. Qh5
{[%clk 0:32:39]} Qd7 {[%clk 0:18:14]} 27. Rfe1 {[%clk 0:20:42]} Qg7
{[%clk 0:17:40]} 28. Qg5 {[%clk 0:16:28]} Qf7 {[%clk 0:13:42]} 29. Qe3
{[%clk 0:14:45]} Rg7 {[%clk 0:11:49]} 30. Nf4 {[%clk 0:13:37]} Rbg8
{[%clk 0:11:21]} 31. Kh2 {[%clk 0:12:57]} Rg4 {[%clk 0:06:34]} 32. Bh3
{[%clk 0:12:33]} Bxf4 {[%clk 0:05:17]} 33. gxf4 {[%clk 0:12:52]} Rxh4
{[%clk 0:05:14]} 34. Rg1 {[%clk 0:12:38]} Rgg4 {[%clk 0:03:56]} 35. Rxd6
{[%clk 0:11:46]} Rxg1 {[%clk 0:02:16]} 36. Kxg1 {[%clk 0:10:57]} Qg7+
{[%clk 0:02:41]} 37. Kh2 {[%clk 0:11:07]} Bg8 {[%clk 0:01:54]} 38. Rd8
{[%clk 0:10:44]} Rh6 {[%clk 0:01:44]} 39. Qc5 {[%clk 0:10:05]} Qg4
{[%clk 0:00:53]} 40. Qe5+ {[%clk 0:40:00]} Qg7 {[%clk 0:31:18]} 41. Qxf5
{[%clk 0:35:26]} Qf6 {[%clk 0:20:53]} 42. Qxf6+ {[%clk 0:31:56]} Rxf6
{[%clk 0:21:18]} 43. Ra8 {[%clk 0:31:49]} Kg7 {[%clk 0:20:48]} 44. Rxa5
{[%clk 0:27:54]} Rxf4 {[%clk 0:20:08]} 45. Kg3 {[%clk 0:27:53]} Rf3+
{[%clk 0:19:55]} 46. Kg2 {[%clk 0:27:49]} Rc3 {[%clk 0:18:35]} 47. Rg5+
{[%clk 0:26:57]} Kf8 {[%clk 0:18:41]} 48. Re5 {[%clk 0:26:14]} Rc2
{[%clk 0:18:35]} 49. Rxe4 {[%clk 0:26:25]} Rxa2 {[%clk 0:19:00]} 50. Kf3
{[%clk 0:25:43]} Bf7 {[%clk 0:18:05]} 51. Bf5 {[%clk 0:24:24]} Bh5+
{[%clk 0:16:29]} 52. Kg3 {[%clk 0:19:59]} Rb2 {[%clk 0:15:25]} 53. Re3
{[%clk 0:20:12]} Bd1 {[%clk 0:15:28]} 54. Bxh7 {[%clk 0:20:20]} Bxb3
{[%clk 0:14:22]} 55. c5 {[%clk 0:20:17]} Bd5 {[%clk 0:14:01]} 56. Be4
{[%clk 0:20:22]} Bxe4 {[%clk 0:13:19]} 57. Rxe4 {[%clk 0:20:45]} b3
{[%clk 0:13:08]} 58. c6 {[%clk 0:20:17]} Rc2 {[%clk 0:13:23]} 59. Rb4
{[%clk 0:20:37]} Rxc6 {[%clk 0:13:14]} 1/2-1/2

[Event "Junior-SM"]
[Site "Örebro"]
[Date "2013.07.12"]
[Round "7"]
[White "Olofsson-Dolk, Mattis"]
[Black "Rydström, Tom"]
[Result "0-1"]
[BlackElo "2172"]
[WhiteElo "2113"]

1. e4 {[%clk 1:30:51]} e5 {[%clk 1:30:24]} 2. Nf3 {[%clk 1:31:15]} Nc6
{[%clk 1:30:49]} 3. Bb5 {[%clk 1:31:37]} a6 {[%clk 1:31:16]} 4. Ba4
{[%clk 1:31:59]} b5 {[%clk 1:31:43]} 5. Bb3 {[%clk 1:32:22]} Bb7 {[%clk 1:32:10]}
6. O-O {[%clk 1:30:29]} Bc5 {[%clk 1:32:36]} 7. c3 {[%clk 1:30:10]} d6
{[%clk 1:33:00]} 8. d4 {[%clk 1:28:46]} Bb6 {[%clk 1:33:26]} 9. a4
{[%clk 1:26:12]} Nf6 {[%clk 1:33:42]} 10. Re1 {[%clk 1:24:30]} h6
{[%clk 1:33:46]} 11. h3 {[%clk 1:21:25]} O-O {[%clk 1:33:48]} 12. Be3
{[%clk 1:10:40]} exd4 {[%clk 1:27:34]} 13. cxd4 {[%clk 1:10:05]} Na5
{[%clk 1:25:07]} 14. d5 {[%clk 1:09:20]} Bxe3 {[%clk 1:13:45]} 15. Rxe3
{[%clk 1:08:29]} c5 {[%clk 1:09:19]} 16. dxc6 {[%clk 1:03:36]} Bxc6
{[%clk 1:09:43]} 17. Nc3 {[%clk 1:02:36]} Re8 {[%clk 1:08:11]} 18. Nd4
{[%clk 0:55:22]} b4 {[%clk 0:55:26]} 19. Nxc6 {[%clk 0:52:46]} Nxc6
{[%clk 0:55:48]} 20. Ne2 {[%clk 0:49:22]} Na5 {[%clk 0:47:58]} 21. Bd5
{[%clk 0:45:18]} Nxd5 {[%clk 0:47:28]} 22. Qxd5 {[%clk 0:45:31]} Re5
{[%clk 0:44:36]} 23. Qd3 {[%clk 0:41:59]} d5 {[%clk 0:41:43]} 24. Qd4
{[%clk 0:35:10]} Nc6 {[%clk 0:40:45]} 25. Qd3 {[%clk 0:34:07]} dxe4
{[%clk 0:36:20]} 26. Qc4 {[%clk 0:33:58]} Qd6 {[%clk 0:25:41]} 27. Rc1
{[%clk 0:25:13]} Na5 {[%clk 0:24:39]} 28. Qc7 {[%clk 0:23:39]} Qxc7
{[%clk 0:22:06]} 29. Rxc7 {[%clk 0:24:03]} Rd8 {[%clk 0:22:07]} 30. Ng3
{[%clk 0:23:06]} Rd2 {[%clk 0:19:40]} 31. b3 {[%clk 0:19:25]} Rd3
{[%clk 0:17:01]} 32. Rc8+ {[%clk 0:18:45]} Kh7 {[%clk 0:17:29]} 33. Rb8
{[%clk 0:18:53]} f5 {[%clk 0:11:34]} 34. Ne2 {[%clk 0:15:10]} Nxb3
{[%clk 0:11:24]} 35. Rxb4 {[%clk 0:14:54]} Rd1+ {[%clk 0:11:48]} 36. Kh2
{[%clk 0:15:14]} Nd2 {[%clk 0:12:17]} 37. Kg3 {[%clk 0:07:20]} Nf1+
{[%clk 0:12:38]} 38. Kf4 {[%clk 0:07:45]} Red5 {[%clk 0:13:06]} 0-1